| 000 | 00385nam a22001577a 4500 | ||
|---|---|---|---|
| 020 | _a9788131704820 | ||
| 082 |
_a620.3 _bTHO/TH |
||
| 100 | _aThomson, William T | ||
| 245 | _aTheory of vibrations with applications | ||
| 250 | _a5th ed | ||
| 260 |
_aDelhi _bPearson _c2011 |
||
| 300 | _a496 p | ||
| 700 | _aDahleh, Marie Dillon | ||
| 700 | _aPadmanabhan, Chandramouli | ||
| 942 | _cBK | ||
| 999 |
_c13786 _d13786 |
||